Statistics for Die For You by The Weeknd Lyrics

Click here to take the quiz!

General Stats

  • This quiz has been taken 39 times
  • The average score is 297 of 416

Answer Stats

HintAnswer% Correct
I
100%
die
95%
for
95%
Pre-ChorusYou
95%
you
95%
you,
95%
in
91%
the
91%
The
91%
it
86%
It
86%
love
86%
would
86%
just
82%
Just
82%
to
82%
Baby,
77%
baby,
77%
baby
77%
feel
77%
Verse 1 | Verse 2I'm
77%
your
77%
and
73%
And
73%
can't
73%
cant
73%
me,
73%
me
73%
when
73%
yeah
73%
Cause
68%
'Cause
68%
'cause
68%
goin'
68%
know
68%
see
68%
we're
68%
alone
64%
articulate
64%
don't
64%
eyes
64%
feelin',
64%
feelin'
64%
find
64%
findin'
64%
hate
64%
perfect,
64%
though
64%
through
64%
us
64%
ways
64%
You're
64%
you're
64%
But,
59%
But
59%
cry
59%
ChorusEven
59%
feeling
59%
finding
59%
let
59%
Let
59%
my
59%
My
59%
say
59%
that
59%
what
59%
away,
55%
communicate
55%
hard
55%
It's
55%
makes
55%
think
55%
thinkin',
55%
thinkin'
55%
this
55%
time
55%
tonight,
55%
truth
55%
truth,
55%
walk
55%
want
55%
worth
55%
afford
50%
ain't
50%
apart
50%
be
50%
kill
50%
oh
50%
tell
50%
thoughts
50%
workin',
50%
every
45%
girl
45%
gon'
45%
hold
45%
lie
45%
mind
45%
miss
45%
na-
45%
Na-
45%
na,
45%
no
45%
change
41%
happens
41%
I'll
41%
Keep
41%
lonely,
41%
manipulate
41%
never
41%
night
41%
not
41%
pull
41%
real
41%
reason
41%
scared
41%
take
41%
try
41%
between
36%
distance
36%
especially
36%
forever
36%
It'll
36%
too,
36%
won't
36%
better
32%
blame
32%
blamin'
32%
one
32%
right
32%
with
32%
babe
27%
pain
27%
that's
27%
sayin',
23%
ooh
14%
uh
5%
wouuld
5%

Score Distribution

Percentile by Number Answered

Percent of People with Each Score

Your Score History

You have not taken this quiz